[Event "Alushta Summer GM3"]
[Site "Alushta"]
[Date "2013.06.17"]
[Round "5"]
[White "Kashtanov, Ruslan"]
[Black "Agaragimov, Djahangir"]
[Result "1/2-1/2"]
[WhiteElo "2338"]
[BlackElo "2376"]
[PlyCount "83"]
[EventDate "2013.06.13"]
[EventType "tourn"]
[EventRounds "10"]
[EventCountry "UKR"]
[EventCategory "6"]
[SourceTitle "CBM 155 Extra"]
[Source "ChessBase"]
[SourceDate "2013.08.26"]
[SourceVersion "1"]
[SourceVersionDate "2013.08.26"]
[SourceQuality "1"]

1. Nf3 Nf6 2. c4 g6 3. g3 Bg7 4. Bg2 0-0 5. 0-0 d6 6. Nc3 Nc6 7. d4 Bf5 8. Ne1 Qd7 9. e4 Bh3 10. d5 Na5 11. Qe2 c5 12. Bd2 Bxg2 13. Kxg2 a6 14. Nd1 Qc7 15. Rc1 Nd7 16. Nd3 b5 17. b3 Nb7 18. h4 b4 19. h5 a5 20. hxg6 fxg6 21. Rh1 a4 22. Bh6 Bxh6 23. Rxh6 axb3 24. axb3 Ne5 25. Nf4 Nd8 26. Ne3 Ra3 27. Rch1 Rf7 28. Ng4 Rg7 29. Rb1 Nd7 30. Rhh1 Nf6 31. Nd3 Nxg4 32. Qxg4 e5 33. dxe6 Qe7 34. Nf4 g5 35. Nd5 Qxe6 36. Qf3 Rf7 37. Qe3 h6 38. Rb2 Rfa7 39. Rd2 Ra2 40. Rhd1 Rxd2 41. Rxd2 Ra1 42. f4 1/2-1/2

[Event "Alushta Summer GM3"]
[Site "Alushta"]
[Date "2013.06.14"]
[Round "2"]
[White "Kovalev, Andrei"]
[Black "Agaragimov, Djahangir"]
[Result "1/2-1/2"]
[WhiteElo "2473"]
[BlackElo "2376"]
[PlyCount "34"]
[EventDate "2013.06.13"]
[EventType "tourn"]
[EventRounds "10"]
[EventCountry "UKR"]
[EventCategory "6"]
[SourceTitle "CBM 155 Extra"]
[Source "ChessBase"]
[SourceDate "2013.08.26"]
[SourceVersion "1"]
[SourceVersionDate "2013.08.26"]
[SourceQuality "1"]

1. Nf3 Nf6 2. g3 g6 3. Bg2 Bg7 4. c4 0-0 5. 0-0 d6 6. d4 Nc6 7. Nc3 Bf5 8. d5 Na5 9. Nd4 Bd7 10. Qd3 c5 11. Nc2 a6 12. Rb1 Rb8 13. Bd2 b5 14. b3 Qc7 15. h3 bxc4 16. bxc4 Rxb1 17. Rxb1 Rb8 1/2-1/2

[Event "Alushta Summer GM1"]
[Site "Alushta"]
[Date "2013.06.07"]
[Round "5"]
[White "Agaragimov, Djahangir"]
[Black "Farahat, Ali"]
[Result "1-0"]
[WhiteElo "2376"]
[BlackElo "2352"]
[PlyCount "55"]
[EventDate "2013.06.03"]
[EventType "tourn"]
[EventRounds "10"]
[EventCountry "UKR"]
[EventCategory "6"]
[SourceTitle "CBM 154 Extra"]
[Source "ChessBase"]
[SourceDate "2013.06.25"]
[SourceVersion "2"]
[SourceVersionDate "2013.06.25"]
[SourceQuality "1"]

1. d4 Nf6 2. Nf3 e6 3. c4 d5 4. g3 c5 5. cxd5 exd5 6. Bg2 Be7 7. 0-0 0-0 8. Nc3 Nc6 9. Bg5 cxd4 10. Nxd4 h6 11. Be3 Bg4 12. Qa4 Qd7 13. Rfd1 Rfd8 14. Nb3 Be6 15. Nc5 Bxc5 16. Bxc5 Rac8 17. Rac1 b6 18. Be3 Ne5 19. Qxd7 Nexd7 20. Nb5 a5 21. Nc7 Nc5 22. Bxc5 bxc5 23. Rxc5 a4 24. Rdc1 Rb8 25. Nxe6 fxe6 26. R1c2 Rb7 27. Bh3 Kf7 28. Ra5 1-0

[Event "Alushta Summer GM1"]
[Site "Alushta"]
[Date "2013.06.07"]
[Round "6"]
[White "Agaragimov, Djahangir"]
[Black "Iljin, Timofey"]
[Result "1-0"]
[WhiteElo "2376"]
[BlackElo "2410"]
[PlyCount "145"]
[EventDate "2013.06.03"]
[EventType "tourn"]
[EventRounds "10"]
[EventCountry "UKR"]
[EventCategory "6"]
[SourceTitle "CBM 154 Extra"]
[Source "ChessBase"]
[SourceDate "2013.06.25"]
[SourceVersion "2"]
[SourceVersionDate "2013.06.25"]
[SourceQuality "1"]

1. d4 Nf6 2. Nf3 e6 3. e3 c5 4. Bd3 Nc6 5. 0-0 d5 6. b3 Bd6 7. Bb2 Qc7 8. c4 cxd4 9. exd4 0-0 10. Nc3 a6 11. Rc1 Bd7 12. Qe2 Bf4 13. Rcd1 Rfe8 14. g3 Bd6 15. c5 Bf8 16. Na4 g6 17. Rfe1 Bg7 18. Nb6 Rad8 19. Qd2 Ne7 20. a4 Ne4 21. Qc2 Nc6 22. Bxe4 Nb4 23. Qd2 dxe4 24. Qxb4 exf3 25. Bc1 Bc6 26. Qc3 Qe7 27. h4 Qf6 28. Bg5 Qf5 29. Kh2 f6 30. Be3 g5 31. hxg5 fxg5 32. Rh1 h5 33. Rhg1 Kf7 34. Nc4 Rh8 35. Nd6+ Rxd6 36. cxd6 e5 37. Qd3 e4 38. Qc4+ Kg6 39. d5 Bd7 40. Qf1 h4 41. g4 Qe5+ 42. Kh1 Qxd6 43. Qc4 Re8 44. Rc1 b5 45. Qc7 Be5 46. Qa7 bxa4 47. Bc5 Qc7 48. Qxa6+ Kf7 49. bxa4 Qc8 50. Qxc8 Rxc8 51. Be3 Rxc1 52. Rxc1 Bxa4 53. Bxg5 Bb3 54. Rc5 Bd4 55. Rc7+ Kg6 56. Bxh4 Bxd5 57. Rd7 e3 58. Rxd5 e2 59. Rd6+ Kf7 60. Rd7+ Kg6 61. Re7 Bc3 62. Kh2 e1Q 63. Rxe1 Bxe1 64. Kg3 Ba5 65. Kxf3 Bc7 66. Ke4 Bb8 67. f4 Bc7 68. f5+ Kh6 69. Kd5 Ba5 70. Ke6 Bc3 71. Be7 Bb2 72. Kf7 Bc1 73. g5+ 1-0

[Event "Alushta Summer GM1"]
[Site "Alushta"]
[Date "2013.06.05"]
[Round "3"]
[White "Agaragimov, Djahangir"]
[Black "Legky, Nikolay A"]
[Result "1/2-1/2"]
[WhiteElo "2376"]
[BlackElo "2396"]
[PlyCount "28"]
[EventDate "2013.06.03"]
[EventType "tourn"]
[EventRounds "10"]
[EventCountry "UKR"]
[EventCategory "6"]
[SourceTitle "CBM 154 Extra"]
[Source "ChessBase"]
[SourceDate "2013.06.25"]
[SourceVersion "2"]
[SourceVersionDate "2013.06.25"]
[SourceQuality "1"]

1. c4 f5 2. Nc3 Nf6 3. g3 d6 4. Bg2 g6 5. Nf3 Bg7 6. d4 0-0 7. 0-0 Qe8 8. d5 Na6 9. Nd4 Bd7 10. Rb1 c6 11. b3 Nc7 12. Bb2 cxd5 13. Nxd5 Nfxd5 14. cxd5 Qf7 1/2-1/2

[Event "Alushta Summer GM1"]
[Site "Alushta"]
[Date "2013.06.04"]
[Round "2"]
[White "Belikov, Vladimir"]
[Black "Agaragimov, Djahangir"]
[Result "1/2-1/2"]
[WhiteElo "2477"]
[BlackElo "2376"]
[PlyCount "29"]
[EventDate "2013.06.03"]
[EventType "tourn"]
[EventRounds "10"]
[EventCountry "UKR"]
[EventCategory "6"]
[SourceTitle "CBM 154 Extra"]
[Source "ChessBase"]
[SourceDate "2013.06.25"]
[SourceVersion "2"]
[SourceVersionDate "2013.06.25"]
[SourceQuality "1"]

1. Nf3 Nf6 2. c4 g6 3. b3 Bg7 4. Bb2 0-0 5. g3 d6 6. d4 Bf5 7. Bg2 Qc8 8. 0-0 Bh3 9. Nbd2 Bxg2 10. Kxg2 e5 11. dxe5 Ng4 12. Qc2 dxe5 13. Rad1 Nc6 14. Rfe1 Re8 15. Nxe5 1/2-1/2

[Event "Alushta Summer GM1"]
[Site "Alushta"]
[Date "2013.06.03"]
[Round "1"]
[White "Iljin, Timofey"]
[Black "Agaragimov, Djahangir"]
[Result "0-1"]
[WhiteElo "2410"]
[BlackElo "2376"]
[PlyCount "142"]
[EventDate "2013.06.03"]
[EventType "tourn"]
[EventRounds "10"]
[EventCountry "UKR"]
[EventCategory "6"]
[SourceTitle "CBM 154 Extra"]
[Source "ChessBase"]
[SourceDate "2013.06.25"]
[SourceVersion "2"]
[SourceVersionDate "2013.06.25"]
[SourceQuality "1"]

1. d4 d6 2. c4 e5 3. Nf3 e4 4. Ng5 f5 5. Nc3 Nf6 6. g3 g6 7. Bg2 Bg7 8. 0-0 h6 9. Nh3 0-0 10. f3 c6 11. d5 exf3 12. exf3 g5 13. f4 g4 14. Nf2 c5 15. b3 h5 16. Bb2 h4 17. Ne2 Qe8 18. Re1 Qh5 19. Rc1 Na6 20. Rc3 Bd7 21. Re3 Rae8 22. Nc3 hxg3 23. hxg3 Qf7 24. Rxe8 Rxe8 25. Rxe8+ Qxe8 26. Qe2 Nh5 27. Qxe8+ Bxe8 28. Kh2 Nb4 29. a3 Nc2 30. Nfd1 a6 31. Bf1 Ne1 32. Be2 Bd4 33. Nb1 Nf6 34. Bc3 Nf3+ 35. Bxf3 gxf3 36. Bxd4 cxd4 37. Nd2 Bh5 38. Nf2 Kf7 39. Kg1 Ke7 40. Kf1 b5 41. Ke1 Kd7 42. a4 Kc7 43. a5 Kb7 44. Kf1 Ng4 45. Nxg4 fxg4 46. cxb5 axb5 47. b4 Bf7 48. Nb3 d3 49. Kf2 Bxd5 50. Nd2 Be6 51. Ke3 Bf5 52. Nb3 Be6 53. Nd2 Bf5 54. Nb3 Be6 55. Nd4 Bc4 56. Nf5 d2 57. Kxd2 f2 58. Ne3 f1Q 59. Nxf1 Bxf1 60. Ke3 Bg2 61. f5 Kc7 62. Kf4 Bf3 63. Kg5 Kd7 64. Kh6 d5 65. Kg7 d4 66. f6 Bd5 67. a6 d3 68. f7 Bxf7 69. Kxf7 d2 70. a7 d1Q 71. a8Q Qf3+ 0-1

[Event "Nakhchivan op"]
[Site "Nakhchivan"]
[Date "2013.04.29"]
[Round "7"]
[White "Agaragimov, Djahangir"]
[Black "Quparadze, Giga"]
[Result "0-1"]
[WhiteElo "2348"]
[BlackElo "2489"]
[PlyCount "54"]
[EventDate "2013.04.22"]
[EventType "swiss"]
[EventRounds "9"]
[EventCountry "AZE"]
[SourceTitle "CBM 154 Extra"]
[Source "ChessBase"]
[SourceDate "2013.06.25"]
[SourceVersion "2"]
[SourceVersionDate "2013.06.25"]
[SourceQuality "1"]

1. d4 e6 2. c4 Nf6 3. g3 d5 4. Nf3 Bb4+ 5. Bd2 Be7 6. Bg2 0-0 7. 0-0 c6 8. Qc2 b6 9. Rd1 Ba6 10. b3 Nbd7 11. a4 c5 12. a5 b5 13. cxb5 Bxb5 14. Nc3 Ba6 15. Rab1 Rc8 16. Be1 cxd4 17. Nxd4 e5 18. Nf5 d4 19. b4 Bb5 20. Nxd4 exd4 21. Rxd4 Bc6 22. Bh3 Qc7 23. Rh4 Ba8 24. f3 Rcd8 25. g4 g5 26. Rh6 Kg7 27. Bg3 Qc4 0-1

[Event "Nakhchivan op"]
[Site "Nakhchivan"]
[Date "2013.04.26"]
[Round "5"]
[White "Agaragimov, Djahangir"]
[Black "Ibrahimova, Sabina Oqtay"]
[Result "1-0"]
[WhiteElo "2348"]
[BlackElo "2166"]
[PlyCount "119"]
[EventDate "2013.04.22"]
[EventType "swiss"]
[EventRounds "9"]
[EventCountry "AZE"]
[SourceTitle "CBM 154 Extra"]
[Source "ChessBase"]
[SourceDate "2013.06.25"]
[SourceVersion "2"]
[SourceVersionDate "2013.06.25"]
[SourceQuality "1"]

1. d4 Nf6 2. Nf3 g6 3. c4 Bg7 4. g3 d6 5. Bg2 0-0 6. 0-0 Nc6 7. Nc3 a6 8. Bf4 Rb8 9. Rc1 Nh5 10. Bg5 h6 11. Be3 Bd7 12. Qd2 Kh7 13. b3 Nf6 14. d5 Na5 15. c5 dxc5 16. Bxc5 b6 17. Ba3 b5 18. Nd1 Nb7 19. Nd4 Nd6 20. Qd3 b4 21. Bb2 Nb5 22. Nc6 Bxc6 23. Rxc6 Nd7 24. f4 Rb6 25. Bxg7 Kxg7 26. Qc4 Rxc6 27. dxc6 Nb8 28. Qxb4 Qd4+ 29. Qxd4+ Nxd4 30. Kf2 Ndxc6 31. Ne3 Nd4 32. Nd5 c6 33. Nxe7 Nxe2 34. Nxc6 Nxc6 35. Bxc6 Rc8 36. Kxe2 Rxc6 37. Kd2 h5 38. Re1 Rd6+ 39. Kc3 Rc6+ 40. Kb2 Rd6 41. Re2 Kf6 42. b4 Kf5 43. a4 h4 44. Kc3 Kg4 45. gxh4 Kf3 46. Rd2 Rc6+ 47. Kb3 Ke3 48. Rc2 Rb6 49. Rc4 Kd3 50. Rc7 f5 51. Re7 Kd4 52. a5 Rc6 53. Re5 Kd3 54. h5 gxh5 55. Rxf5 h4 56. Rh5 Rc1 57. Rd5+ Ke4 58. Rd6 Rb1+ 59. Kc3 Kxf4 60. Rxa6 1-0

[Event "Nakhchivan op"]
[Site "Nakhchivan"]
[Date "2013.04.22"]
[Round "1"]
[White "Agaragimov, Djahangir"]
[Black "Papaioannou, Ioannis"]
[Result "1/2-1/2"]
[WhiteElo "2348"]
[BlackElo "2627"]
[PlyCount "40"]
[EventDate "2013.04.22"]
[EventType "swiss"]
[EventRounds "9"]
[EventCountry "AZE"]
[SourceTitle "CBM 154 Extra"]
[Source "ChessBase"]
[SourceDate "2013.06.25"]
[SourceVersion "2"]
[SourceVersionDate "2013.06.25"]
[SourceQuality "1"]

1. d4 Nf6 2. Nf3 e6 3. c4 c5 4. d5 d6 5. Nc3 exd5 6. cxd5 g6 7. Bf4 Nh5 8. Bg5 Be7 9. Bh6 Bf6 10. Qd2 Qe7 11. h3 Bg7 12. g4 Bxh6 13. Qxh6 Nf6 14. e3 a6 15. a4 Nbd7 16. Nd2 b6 17. Nc4 Bb7 18. Bg2 0-0-0 19. 0-0-0 Kc7 20. f4 Ng8 1/2-1/2

[Event "Baku op"]
[Site "Baku"]
[Date "2012.09.28"]
[Round "7"]
[White "Orujov, Shujaat Ismiali"]
[Black "Agaragimov, Djahangir"]
[Result "0-1"]
[WhiteElo "2210"]
[BlackElo "2343"]
[PlyCount "88"]
[EventDate "2012.09.22"]
[EventType "swiss"]
[EventRounds "9"]
[EventCountry "AZE"]
[SourceTitle "CBM 150 Extra"]
[Source "ChessBase"]
[SourceDate "2012.10.19"]
[SourceVersion "1"]
[SourceVersionDate "2012.10.19"]
[SourceQuality "1"]

1. e4 c5 2. Nf3 Nc6 3. d4 cxd4 4. Nxd4 Nf6 5. Nc3 e5 6. Ndb5 d6 7. Bg5 a6 8. Na3 b5 9. Nd5 Be7 10. Bxf6 Bxf6 11. c3 Bg5 12. Be2 0-0 13. 0-0 Be6 14. Nc2 Rb8 15. Nce3 a5 16. Qd3 Qd7 17. Rfd1 Kh8 18. Bf3 g6 19. Qc2 f5 20. a4 Bd8 21. Qd2 f4 22. Nf1 bxa4 23. Qc2 Ne7 24. Nd2 Nxd5 25. exd5 Bf5 26. Ne4 Rb3 27. Ra2 Bc7 28. h4 h6 29. Qe2 Rfb8 30. Rd2 Bd8 31. Qc4 Bxh4 32. Qxa4 Qxa4 33. Rxa4 Bxe4 34. Bxe4 Rxb2 35. Ra2 Rxd2 36. Rxd2 Kg7 37. Kf1 Rb3 38. c4 Rb4 39. Rc2 Bd8 40. Ke2 Bb6 41. f3 h5 42. Kd3 g5 43. Ra2 g4 44. fxg4 hxg4 0-1

[Event "Baku op"]
[Site "Baku"]
[Date "2012.09.23"]
[Round "2"]
[White "Agaragimov, Djahangir"]
[Black "Khenkin, Igor"]
[Result "1/2-1/2"]
[WhiteElo "2343"]
[BlackElo "2648"]
[PlyCount "53"]
[EventDate "2012.09.22"]
[EventType "swiss"]
[EventRounds "9"]
[EventCountry "AZE"]
[SourceTitle "CBM 150 Extra"]
[Source "ChessBase"]
[SourceDate "2012.10.19"]
[SourceVersion "1"]
[SourceVersionDate "2012.10.19"]
[SourceQuality "1"]

1. d4 d5 2. Nf3 c6 3. c4 e6 4. Qc2 dxc4 5. Qxc4 b5 6. Qc2 Bb7 7. Nc3 Nd7 8. g3 c5 9. dxc5 Bxc5 10. Bg2 Ngf6 11. 0-0 Qb6 12. a3 Rc8 13. Qb3 a6 14. Bf4 0-0 15. Nd2 Bxg2 16. Kxg2 Bd4 17. Rac1 Bxc3 18. Rxc3 Nd5 19. Rcc1 Nxf4+ 20. gxf4 Qd4 21. Qb4 Qxb4 22. axb4 Nb6 23. Rxc8 Rxc8 24. Ra1 Ra8 25. e4 Kf8 26. Kf3 Ke7 27. b3 1/2-1/2

[Event "Baku op"]
[Site "Baku"]
[Date "2012.09.22"]
[Round "1"]
[White "Negi, Parimarjan"]
[Black "Agaragimov, Djahangir"]
[Result "1/2-1/2"]
[WhiteElo "2658"]
[BlackElo "2343"]
[PlyCount "52"]
[EventDate "2012.09.22"]
[EventType "swiss"]
[EventRounds "9"]
[EventCountry "AZE"]
[SourceTitle "CBM 150 Extra"]
[Source "ChessBase"]
[SourceDate "2012.10.19"]
[SourceVersion "1"]
[SourceVersionDate "2012.10.19"]
[SourceQuality "1"]

1. e4 c5 2. Nf3 Nc6 3. d4 cxd4 4. Nxd4 Nf6 5. Nc3 e5 6. Ndb5 d6 7. Bg5 a6 8. Na3 b5 9. Nd5 Be7 10. Bxf6 Bxf6 11. c4 b4 12. Nc2 Bg5 13. Be2 0-0 14. 0-0 Rb8 15. Bg4 Be6 16. Bxe6 fxe6 17. Nde3 Be7 18. b3 Qb6 19. Qg4 Rf6 20. Rfd1 a5 21. h4 Rbf8 22. Rd2 Nd8 23. g3 Rg6 24. Qh3 Qc6 25. Re1 h5 26. Kh2 Nb7 1/2-1/2

[Event "EU-ch 13th"]
[Site "Plovdiv"]
[Date "2012.03.25"]
[Round "6"]
[White "Ilic, Slobodan"]
[Black "Agaragimov, Djahangir"]
[Result "1/2-1/2"]
[WhiteElo "2160"]
[BlackElo "2342"]
[PlyCount "48"]
[EventDate "2012.03.20"]
[EventType "swiss"]
[EventRounds "11"]
[EventCountry "BUL"]
[SourceTitle "CBM 148"]
[Source "ChessBase"]
[SourceDate "2012.05.16"]
[SourceVersion "1"]
[SourceVersionDate "2012.05.16"]
[SourceQuality "1"]

1. c4 g6 2. Nc3 Bg7 3. g3 d6 4. Bg2 e5 5. Nf3 f5 6. d3 Nf6 7. 0-0 0-0 8. Rb1 h6 9. b4 Nh5 10. Rb2 g5 11. Nd2 Nf6 12. b5 h5 13. Nd5 c6 14. bxc6 bxc6 15. Nxf6+ Rxf6 16. c5 Rh6 17. cxd6 Qxd6 18. Nc4 Qd7 19. Qb3 Kh7 20. Qd1 Kg8 21. Qb3 Kh7 22. Qd1 Kg8 23. Qb3 Kh7 24. Qd1 Kg8 1/2-1/2

[Event "EU-ch 13th"]
[Site "Plovdiv"]
[Date "2012.03.21"]
[Round "2"]
[White "Safarli, Eltaj"]
[Black "Agaragimov, Djahangir"]
[Result "1-0"]
[WhiteElo "2645"]
[BlackElo "2342"]
[PlyCount "67"]
[EventDate "2012.03.20"]
[EventType "swiss"]
[EventRounds "11"]
[EventCountry "BUL"]
[SourceTitle "CBM 148"]
[Source "ChessBase"]
[SourceDate "2012.05.16"]
[SourceVersion "1"]
[SourceVersionDate "2012.05.16"]
[SourceQuality "1"]

1. e4 c5 2. Nf3 d6 3. Bb5+ Nc6 4. 0-0 Bd7 5. c3 a6 6. Ba4 Nf6 7. Re1 b5 8. Bc2 e5 9. h3 Be7 10. d4 0-0 11. d5 Na5 12. Nxe5 dxe5 13. d6 Nc4 14. dxe7 Qxe7 15. b3 Nb6 16. Be3 Bc6 17. Nd2 Nbd7 18. Qf3 Ne8 19. Qe2 Nc7 20. Nf1 Ne6 21. Ng3 g6 22. Rad1 a5 23. a3 Rfb8 24. Qg4 Ng7 25. Bg5 f6 26. Bh6 Nf8 27. f4 Bd7 28. Qf3 Rb6 29. h4 exf4 30. Nf5 gxf5 31. exf5 Qf7 32. Qxa8 Bc6 33. Qd8 Rb7 34. Rd6 1-0

[Event "EU-ch 13th"]
[Site "Plovdiv"]
[Date "2012.03.20"]
[Round "1"]
[White "Agaragimov, Djahangir"]
[Black "Popov, Ivan1111"]
[Result "0-1"]
[WhiteElo "2342"]
[BlackElo "2605"]
[PlyCount "102"]
[EventDate "2012.03.20"]
[EventType "swiss"]
[EventRounds "11"]
[EventCountry "BUL"]
[SourceTitle "CBM 148"]
[Source "ChessBase"]
[SourceDate "2012.05.16"]
[SourceVersion "1"]
[SourceVersionDate "2012.05.16"]
[SourceQuality "1"]

1. d4 Nf6 2. Nf3 c5 3. d5 b5 4. c4 Bb7 5. g3 d6 6. Bg2 bxc4 7. Nc3 Nbd7 8. 0-0 g6 9. e4 Bg7 10. Nd2 0-0 11. Rb1 Ne5 12. f4 Nd3 13. Nxc4 Nxc1 14. Rxc1 Nd7 15. Ne2 Ba6 16. b3 Rb8 17. Kh1 Rb4 18. Ne3 Qa5 19. Rc2 Rfb8 20. Qd2 Qd8 21. Rfc1 Bb5 22. Nc4 a5 23. Re1 a4 24. Nc1 Bxc4 25. bxc4 Rb1 26. Bh3 a3 27. Nd3 Bd4 28. Rcc1 Rxc1 29. Qxc1 Nb6 30. e5 Ra8 31. f5 dxe5 32. fxg6 hxg6 33. Nxe5 Bxe5 34. Rxe5 Ra4 35. Bf1 Qd6 36. Re3 Qf6 37. Rb3 Rb4 38. Rxa3 Rb2 39. Qf4 Qxf4 40. gxf4 Rf2 41. Kg1 Rxf4 42. Ra6 Rg4+ 43. Kf2 Nxc4 44. Ra4 Ne5 45. Rxg4 Nxg4+ 46. Ke2 Kf8 47. Bh3 Ne5 48. Ke3 Ke8 49. Ke4 Nc4 50. a4 Kd8 51. Bg4 f5+ 0-1

[Event "Baku op-A"]
[Site "Baku"]
[Date "2011.08.09"]
[Round "4"]
[White "Agaragimov, Djahangir"]
[Black "Sanikidze, Tornike"]
[Result "0-1"]
[WhiteElo "2352"]
[BlackElo "2525"]
[PlyCount "92"]
[EventDate "2011.08.06"]
[EventType "swiss"]
[EventRounds "9"]
[EventCountry "AZE"]
[SourceTitle "CBM 143 Extra"]
[Source "ChessBase"]
[SourceDate "2011.08.29"]
[SourceVersion "1"]
[SourceVersionDate "2011.08.29"]
[SourceQuality "1"]

1. d4 g6 2. Nf3 Bg7 3. Nbd2 Nf6 4. e4 d6 5. Bd3 0-0 6. 0-0 Nc6 7. c3 e5 8. h3 Nh5 9. Nb3 h6 10. Re1 Qf6 11. Be3 Nf4 12. Bxf4 Qxf4 13. Bb5 Nd8 14. Nc1 Qf6 15. dxe5 dxe5 16. Nd3 Qd6 17. Qe2 c6 18. Ba4 Qc7 19. Rad1 Qa5 20. Qc2 Re8 21. Bb3 Ne6 22. Nd2 Qc7 23. Nf3 a5 24. a4 Rb8 25. Rd2 Bf6 26. Red1 b6 27. Ba2 Kg7 28. Bc4 Ng5 29. Nde1 Be7 30. Nxg5 hxg5 31. Ba2 g4 32. hxg4 Bxg4 33. Nf3 Bc5 34. Rd3 Qe7 35. R1d2 Rh8 36. Qd1 Rh5 37. Qb3 Rbh8 38. Kf1 Rh1+ 39. Ke2 Be6 40. Qxe6 fxe6 41. Rd7 Kf6 42. Rxe7 Bxe7 43. Rd7 Ra1 44. Bb3 Rb1 45. Rd2 Rd8 46. Rc2 Ba3 0-1

[Event "Chigorin Memorial 18th"]
[Site "St Petersburg"]
[Date "2010.11.02"]
[Round "6"]
[White "Lafuente, Pablo"]
[Black "Agaragimov, Djahangir"]
[Result "1-0"]
[WhiteElo "2565"]
[BlackElo "2333"]
[PlyCount "63"]
[EventDate "2010.10.28"]
[EventType "swiss"]
[EventRounds "9"]
[EventCountry "RUS"]
[SourceTitle "EXT 2011"]
[Source "ChessBase"]
[SourceDate "2010.11.26"]
[SourceVersion "1"]
[SourceVersionDate "2010.11.26"]
[SourceQuality "1"]

1. d4 Nf6 2. c4 g6 3. Nf3 Bg7 4. g3 0-0 5. Bg2 d6 6. Nc3 Nc6 7. 0-0 a6 8. Re1 Re8 9. Rb1 Bf5 10. e4 Bg4 11. Qd3 Nd7 12. Be3 Bxf3 13. Bxf3 e5 14. d5 Nd4 15. Bg2 c5 16. dxc6 bxc6 17. b4 Nf8 18. f4 Nfe6 19. f5 Ng5 20. Rf1 gxf5 21. exf5 h6 22. Qd2 Kh8 23. Rf2 Rg8 24. Rbf1 Bf6 25. Kh1 Rb8 26. a3 c5 27. Nd5 Rc8 28. Qd3 Re8 29. Qd1 cxb4 30. axb4 Rxc4 31. Qh5 Nc2 32. Bb6 1-0

[Event "Chigorin Memorial 18th"]
[Site "St Petersburg"]
[Date "2010.11.01"]
[Round "5"]
[White "Lintchevski, Daniil"]
[Black "Agaragimov, Djahangir"]
[Result "1-0"]
[WhiteElo "2528"]
[BlackElo "2333"]
[PlyCount "91"]
[EventDate "2010.10.28"]
[EventType "swiss"]
[EventRounds "9"]
[EventCountry "RUS"]
[SourceTitle "EXT 2011"]
[Source "ChessBase"]
[SourceDate "2010.11.26"]
[SourceVersion "1"]
[SourceVersionDate "2010.11.26"]
[SourceQuality "1"]

1. e4 e6 2. d4 d5 3. Nc3 dxe4 4. Nxe4 Nd7 5. Nf3 Ngf6 6. Bg5 h6 7. Nxf6+ Nxf6 8. Be3 Nd5 9. Bd2 c5 10. c4 Nf6 11. Bd3 cxd4 12. Qe2 Qb6 13. 0-0-0 Bd6 14. Ne5 Qc7 15. Nf3 Qb6 16. Kb1 Bd7 17. Ne5 Ba4 18. Rde1 Ba3 19. Bf4 Bb4 20. Rc1 Rc8 21. h4 Rc5 22. Bc2 Bxc2+ 23. Qxc2 Ra5 24. Nd3 Be7 25. c5 Qa6 26. a3 Qb5 27. Qc4 Ne4 28. Qxb5+ Rxb5 29. b4 a5 30. a4 Rxb4+ 31. Nxb4 axb4 32. c6 bxc6 33. Rxc6 0-0 34. a5 Nxf2 35. Rf1 Ng4 36. a6 e5 37. Rfc1 exf4 38. Rc8 d3 39. Rxf8+ Bxf8 40. Rc8 Ne3 41. a7 d2 42. Rxf8+ Kxf8 43. a8Q+ Ke7 44. Qe4+ Kd7 45. Qd4+ Ke6 46. Qxd2 1-0

[Event "Chigorin Memorial 18th"]
[Site "St Petersburg"]
[Date "2010.10.30"]
[Round "3"]
[White "Zizlova, Sofia"]
[Black "Agaragimov, Djahangir"]
[Result "0-1"]
[WhiteElo "2088"]
[BlackElo "2333"]
[PlyCount "72"]
[EventDate "2010.10.28"]
[EventType "swiss"]
[EventRounds "9"]
[EventCountry "RUS"]
[SourceTitle "EXT 2011"]
[Source "ChessBase"]
[SourceDate "2010.11.26"]
[SourceVersion "1"]
[SourceVersionDate "2010.11.26"]
[SourceQuality "1"]

1. e4 c5 2. Nf3 g6 3. d4 cxd4 4. Nxd4 Nc6 5. Nc3 Bg7 6. Be3 Nf6 7. Bc4 0-0 8. Bb3 a5 9. 0-0 Nxd4 10. Bxd4 d6 11. a4 Bd7 12. f4 Bc6 13. Kh1 Nd7 14. Bxg7 Kxg7 15. Qd4+ Kg8 16. e5 dxe5 17. fxe5 e6 18. Qf4 Qc7 19. Rae1 Nc5 20. Bc4 Rad8 21. Bb5 Rd7 22. Bxc6 Qxc6 23. Rf3 Qb6 24. Qe3 Qc6 25. Rf4 b6 26. Ref1 Rfd8 27. Rc4 Qb7 28. Qg5 Rd2 29. h4 h6 30. Qg3 Rxc2 31. Rg4 Rdd2 32. Rxg6+ fxg6 33. Qxg6+ Qg7 34. Qe8+ Kh7 35. Rf7 Rxg2 36. Rxg7+ Rxg7 0-1

[Event "Chigorin Memorial 18th"]
[Site "St Petersburg"]
[Date "2010.10.29"]
[Round "2"]
[White "Agaragimov, Djahangir"]
[Black "Dzhumaev, Marat"]
[Result "0-1"]
[WhiteElo "2333"]
[BlackElo "2487"]
[PlyCount "96"]
[EventDate "2010.10.28"]
[EventType "swiss"]
[EventRounds "9"]
[EventCountry "RUS"]
[SourceTitle "EXT 2011"]
[Source "ChessBase"]
[SourceDate "2010.11.26"]
[SourceVersion "1"]
[SourceVersionDate "2010.11.26"]
[SourceQuality "1"]

1. d4 g6 2. Nf3 Bg7 3. g3 f5 4. Bg2 Nf6 5. 0-0 0-0 6. b3 d6 7. Bb2 Qe8 8. c4 c6 9. Nbd2 Na6 10. Qc2 h6 11. Bc3 g5 12. e4 fxe4 13. Nxe4 Qg6 14. Nxf6+ Qxf6 15. Rae1 Bf5 16. Qd2 Rae8 17. Re3 Qf7 18. Rfe1 Bf6 19. d5 c5 20. Qe2 Bxc3 21. Rxc3 Qf6 22. Re3 Nb4 23. Rxe7 Rxe7 24. Qxe7 Qxe7 25. Rxe7 Rf7 26. Re8+ Rf8 27. Re7 Rf7 28. Re8+ Rf8 29. Rxf8+ Kxf8 30. a4 Nc2 31. Nd2 Nd4 32. Be4 Nxb3 33. Nxb3 Bxe4 34. Nd2 Bd3 35. a5 g4 36. Kg2 Be2 37. h3 h5 38. f4 gxf3+ 39. Kf2 Ke7 40. Ke3 Kf6 41. Ne4+ Ke7 42. Nd2 Kd7 43. h4 Ke7 44. Kf2 Kf6 45. Ke3 Kg6 46. Ne4 Bxc4 47. Nxd6 Bxd5 48. Nc8 Kf6 0-1

[Event "Baku op"]
[Site "Baku"]
[Date "2010.08.27"]
[Round "5"]
[White "Agaragimov, Djahangir"]
[Black "Zeynalov, Rashad"]
[Result "1-0"]
[WhiteElo "2311"]
[BlackElo "2030"]
[PlyCount "67"]
[EventDate "2010.08.23"]
[EventType "swiss"]
[EventRounds "9"]
[EventCountry "AZE"]
[SourceTitle "CBM 138 Extra"]
[Source "ChessBase"]
[SourceDate "2010.10.29"]
[SourceVersion "1"]
[SourceVersionDate "2010.10.29"]
[SourceQuality "1"]

1. Nf3 Nf6 2. d4 g6 3. c4 Bg7 4. Nc3 d6 5. e4 0-0 6. Be2 e5 7. Be3 Nc6 8. d5 Ne7 9. Nd2 Ne8 10. f3 f5 11. Qc2 Bd7 12. c5 a6 13. Qb3 Rb8 14. Nc4 Kh8 15. 0-0 dxc5 16. Bxc5 b5 17. Qa3 Rf7 18. Na5 Nd6 19. Rad1 f4 20. Kh1 Rf6 21. Nc6 Nxc6 22. dxc6 Bxc6 23. Qxa6 Qe8 24. Qa3 g5 25. Nd5 Bxd5 26. Rxd5 Rh6 27. Qd3 Nb7 28. Ba3 c6 29. Rd7 Bf8 30. Bxf8 Qxf8 31. Qc3 Re6 32. Rfd1 Nc5 33. Rc7 Re7 34. Qxc5 1-0